Neighbouring But Not Bordering Countries - DIFFICULT - Statistics

General Stats
  • This quiz has been taken 34 times
    27 since last reset
  • The average score is 44 of 73
Answer Stats
Country Bordering Countries Neighbouring Countries % Correct
Australia Papua New Guinea
80%
Bahrain Qatar
80%
Denmark Germany Sweden
80%
Cyprus Turkey
80%
Bahamas United States
80%
Qatar Saudi Arabia Bahrain
73%
Bangladesh India, Myanmar Bhutan
73%
Netherlands Belgium, Germany France
73%
Cuba Haiti
73%
Belize Mexico, Guatemala Honduras
73%
Brunei Malaysia Indonesia
73%
Malta Italy
73%
South Korea North Korea Japan
73%
Mongolia Russia, China Kazakhstan
73%
Netherlands Belgium, Germany Luxembourg
73%
Denmark Germany Poland
73%
Bahrain Saudi Arabia
73%
Japan South Korea
73%
Qatar Saudi Arabia United Arab Emirates
73%
Bhutan China, India Bangladesh
67%
Bangladesh India, Myanmar China
67%
Haiti Dominican Republic Cuba
67%
Sweden Norway, Finland Denmark
67%
Estonia Russia, Latvia Finland
67%
Gambia Senegal Guinea
67%
Gambia Senegal Guinea-Bissau
67%
Sri Lanka India
67%
Singapore Indonesia
67%
Monaco France Italy
67%
Lebanon Syria, Israel Jordan
67%
Singapore Malaysia
67%
El Salvador Guatemala, Honduras Nicaragua
67%
Papua New Guinea Indonesia Australia
60%
United States Canada, Mexico Bahamas
60%
Nepal China, India Bangladesh
60%
Taiwan China
60%
Nicaragua Honduras, Costa Rica El Salvador
60%
Guinea-Bissau Senegal, Guinea Gambia
60%
Liechtenstein Switzerland, Austria Germany
60%
Kuwait Iraq, Saudi Arabia Iran
60%
Liechtenstein Switzerland, Austria Italy
60%
Bangladesh India, Myanmar Nepal
60%
Bhutan China, India Nepal
60%
Taiwan Philippines
60%
United Arab Emirates Saudi Arabia, Oman Qatar
60%
Japan Russia
60%
Yemen Saudi Arabia, Oman Djibouti
53%
United Kingdom Ireland France
53%
Tunisia Algeria, Libya Italy
53%
Equatorial Guinea Cameroon, Gabon Nigeria
53%
Antigua and Barbuda St Kitts and Nevis
53%
St Vincent and the Grenadines St Lucia
53%
Philippines Taiwan
53%
St Kitts and Nevis Antigua and Barbuda
47%
Nepal China, India Bhutan
47%
Yemen Saudi Arabia, Oman Eritrea
47%
Dominica France (Guadaloupe / Martinique)
47%
Sweden Norway, Finland Germany
47%
St Vincent and the Grenadines Grenada
47%
United Arab Emirates Saudi Arabia, Oman Iran
47%
Philippines Malaysia
47%
Lebanon Syria, Israel Palestine
47%
Solomon Islands Papua New Guinea
47%
United States Canada, Mexico Russia
47%
Papua New Guinea Indonesia Solomon Islands
47%
Yemen Saudi Arabia, Oman Somalia
47%
Grenada St Vincent and the Grenadines
47%
United Kingdom Ireland Belgium
40%
Antigua and Barbuda France (Guadaloupe)
40%
St Lucia France (Martinique)
40%
Comoros France (Mayotte)
40%
St Lucia St Vincent and the Grenadines
40%
Trinidad and Tobago Venezuela
40%
No matching quizzes found
Score Distribution
Percent of People with Each Score
Percentile by Number Answered
Your Score History
You have not taken this quiz since the last reset